Nemocenská dávka „otcovské“

Sociálna poisťovňa poskytuje poistencom, ktorí sa starajú o narodené dieťa dávku otcovské. Ide o nemocenskú dávku materské, ktorú začala Sociálna poisťovňa vyplácať od 1. 11. 2022, a pre ktorú sa v praxi zaužívalo pomenovanie otcovské. Nemocenská dávka otcovské je určená pre poistencov (spravidla ot...

Descripción completa

Guardado en:
Detalles Bibliográficos
Autor principal: Matlovičová, Iveta
Formato: Capítulo de libro
Lenguaje:eslovaco
Materias:
Etiquetas: Agregar Etiqueta
Sin Etiquetas, Sea el primero en etiquetar este registro!

MARC

LEADER 00000naa a2200000 4500
001 0312125
005 20250908131722.3
041 0 |a slo 
044 |a SK 
245 1 0 |a Nemocenská dávka „otcovské“  |c Iveta Matlovičová 
520 |a Sociálna poisťovňa poskytuje poistencom, ktorí sa starajú o narodené dieťa dávku otcovské. Ide o nemocenskú dávku materské, ktorú začala Sociálna poisťovňa vyplácať od 1. 11. 2022, a pre ktorú sa v praxi zaužívalo pomenovanie otcovské. Nemocenská dávka otcovské je určená pre poistencov (spravidla otcov), ktorí po splnení zákonných podmienok, môžu poberať dávku najviac 14 kalendárnych dní v období šiestich týždňov po narodení dieťaťa. Podmienky, ktoré musí poistenec splniť a povinnosti, ktoré má v súvislosti s poskytovaním tejto dávky zamestnávateľ. 
610 2 0 |a dávky poistenia nemocenského 
610 2 0 |a poistenci 
610 2 0 |a poisťovne sociálne 
610 2 0 |a zamestnanci 
610 2 0 |a zamestnávatelia 
610 2 0 |a legislatíva 
100 1 |a Matlovičová, Iveta